[Event "Bastia CC Summer op 9th"]
[Site "Bastia"]
[Date "2011.06.29"]
[Round "5"]
[White "Lhostis, Florian"]
[Black "Terzi, Simon"]
[Result "1-0"]
[WhiteElo "1670"]
[BlackElo "1674"]
[PlyCount "83"]
[EventDate "2011.06.23"]
[EventType "swiss"]
[EventRounds "7"]
[EventCountry "FRA"]
[SourceTitle "EXT 2012"]
[Source "ChessBase"]
[SourceDate "2011.11.24"]
[SourceVersion "1"]
[SourceVersionDate "2011.11.24"]
[SourceQuality "1"]

1. e4 e5 2. Nf3 Nc6 3. Bc4 h6 4. c3 Nf6 5. d3 a6 6. Bb3 Bc5 7. 0-0 d6 8. Nbd2 0-0 9. h3 Qe7 10. Re1 Be6 11. Bc2 Ba7 12. Nf1 Qd7 13. d4 exd4 14. cxd4 d5 15. e5 Ne4 16. a3 Rad8 17. Be3 f5 18. exf6 Rxf6 19. N3h2 Bxh3 20. gxh3 Qxh3 21. Qg4 Qxg4+ 22. Nxg4 Rg6 23. f3 h5 24. fxe4 Rxg4+ 25. Kh1 dxe4 26. d5 Nd4 27. Bxd4 Bxd4 28. Rxe4 Rxe4 29. Bxe4 Rd6 30. Rc1 Bxb2 31. Rxc7 Bxa3 32. Rxb7 a5 33. Ne3 Bb4 34. Nf5 Ra6 35. Nxg7 h4 36. Nf5 h3 37. Kh2 Bc5 38. Bd3 Ra8 39. d6 Bxd6+ 40. Nxd6 Rd8 41. Bh7+ Kf8 42. Rf7# 1-0

[Event "Corsica-chT"]
[Site "Ponte Leccia"]
[Date "2010.03.28"]
[Round "1"]
[White "Terzi, Simon"]
[Black "Battesti, Saveriu"]
[Result "0-1"]
[WhiteElo "1636"]
[BlackElo "1972"]
[PlyCount "86"]
[EventDate "2010.03.28"]
[EventType "team-tourn"]
[EventRounds "9"]
[EventCountry "FRA"]
[SourceTitle "EXT 2012"]
[Source "ChessBase"]
[SourceDate "2011.11.24"]
[SourceVersion "1"]
[SourceVersionDate "2011.11.24"]
[SourceQuality "1"]

1. e4 c5 2. Nf3 Nc6 3. d4 cxd4 4. Nxd4 Nf6 5. Nxc6 bxc6 6. Nc3 e5 7. a3 d5 8. exd5 cxd5 9. Bg5 d4 10. Ne4 Be7 11. Bb5+ Bd7 12. Nxf6+ Bxf6 13. Bxd7+ Qxd7 14. Bxf6 gxf6 15. Qf3 Ke7 16. 0-0 Rhg8 17. Kh1 Rab8 18. b4 Rbc8 19. Rac1 Rc3 20. Qe4 Qc6 21. Qxc6 Rxc6 22. Rfd1 Rc3 23. Rd3 Rgc8 24. Re1 Kd6 25. g3 Rxc2 26. Kg2 R8c3 27. Rxc3 Rxc3 28. Ra1 e4 29. b5 Kc5 30. a4 d3 31. Kf1 d2 32. Rd1 Rc1 33. Ke2 Rxd1 34. Kxd1 Kb4 35. Kxd2 Kxa4 36. b6 axb6 37. g4 b5 38. Ke3 b4 39. Kxe4 b3 40. Kf5 b2 41. Kxf6 b1Q 42. f4 Qg6+ 43. Ke5 Qe6+ 0-1

[Event "Bastia CC 20 years"]
[Site "Bastia"]
[Date "2008.11.01"]
[Round "?"]
[White "Terzi, Simon"]
[Black "Fersadou, Kevin"]
[Result "1-0"]
[WhiteElo "1573"]
[BlackElo "1640"]
[PlyCount "49"]
[EventDate "2008.11.01"]
[EventType "swiss"]
[EventRounds "9"]
[EventCountry "FRA"]
[SourceTitle "CBM 127 Extra"]
[Source "ChessBase"]
[SourceDate "2009.01.08"]
[SourceVersion "2"]
[SourceVersionDate "2009.01.28"]
[SourceQuality "1"]

1. e4 e5 2. Nf3 Nc6 3. Bc4 Nf6 4. d3 Be7 5. Nc3 d6 6. h3 h6 7. Nd5 0-0 8. Nxe7+ Qxe7 9. 0-0 Be6 10. Bxe6 Qxe6 11. a3 Nd4 12. Nxd4 exd4 13. Qf3 d5 14. exd5 Qxd5 15. Qg3 Nh5 16. Qh2 Qc5 17. g4 Nf6 18. f3 Rfe8 19. Bf4 Nd5 20. Bg3 Ne3 21. Rf2 Re7 22. Re2 Rae8 23. Rae1 Qd5 24. Qf2 Qg5 25. Bh4 1-0

[Event "Bastia July op"]
[Site "Bastia"]
[Date "2008.07.24"]
[Round "2"]
[White "Terzi, Simon"]
[Black "Utrera, Ludovic"]
[Result "0-1"]
[WhiteElo "1590"]
[BlackElo "1795"]
[PlyCount "76"]
[EventDate "2008.07.23"]
[EventType "swiss"]
[EventRounds "7"]
[EventCountry "FRA"]
[SourceTitle "EXT 2010"]
[Source "ChessBase"]
[SourceDate "2010.11.25"]
[SourceVersion "1"]
[SourceVersionDate "2010.11.25"]
[SourceQuality "1"]

1. e4 c5 2. Nf3 d6 3. d4 cxd4 4. Nxd4 Nf6 5. Nc3 a6 6. Nf3 e5 7. Bc4 Qc7 8. Bb3 Be7 9. 0-0 0-0 10. Bg5 Be6 11. Bxf6 Bxf6 12. Nd5 Bxd5 13. Bxd5 Nc6 14. a3 Ne7 15. Ba2 Rac8 16. c3 Rfd8 17. Qc2 Qd7 18. Rad1 Ng6 19. Kh1 Nf4 20. Ng1 Qg4 21. f3 Qh5 22. Qf2 Kh8 23. Ne2 g5 24. Nxf4 gxf4 25. Rd5 Be7 26. Qd2 Rg8 27. Qxf4 Qg6 28. Qd2 Bg5 29. Qf2 Rg7 30. Rdd1 Rcg8 31. g3 Be7 32. Rg1 Bd8 33. Rg2 d5 34. Bxd5 Bb6 35. Qe2 Qh6 36. Qc2 Qh3 37. Rdd2 Rxg3 38. Rxg3 Qf1+ 0-1

[Event "Bastiais Master 6th"]
[Site "Bastia"]
[Date "2007.11.??"]
[Round "?"]
[White "Rossi, Pascal"]
[Black "Terzi, Simon"]
[Result "1-0"]
[WhiteElo "1875"]
[BlackElo "1719"]
[PlyCount "65"]
[EventDate "2007.11.??"]
[EventType "swiss"]
[EventRounds "9"]
[EventCountry "FRA"]
[SourceTitle "EXT 2009"]
[Source "ChessBase"]
[SourceDate "2008.11.26"]
[SourceVersion "1"]
[SourceVersionDate "2008.11.26"]
[SourceQuality "1"]

1. d4 d5 2. e4 dxe4 3. Nc3 Nf6 4. f3 exf3 5. Nxf3 Nc6 6. a3 Bg4 7. Bb5 Bd7 8. d5 Na5 9. Bd3 b6 10. 0-0 g6 11. Ne5 Bg7 12. Ne4 0-0 13. Nxd7 Qxd7 14. Nxf6+ Bxf6 15. Qf3 Nb7 16. c3 Nd6 17. Bh6 Bg7 18. Bg5 Rae8 19. a4 e6 20. dxe6 Rxe6 21. a5 f5 22. Rfd1 Qf7 23. axb6 axb6 24. Bf4 Be5 25. Bh6 Rfe8 26. Bc2 c5 27. Ra6 Qc7 28. Rda1 Nb7 29. g3 Qc6 30. Qf1 Kh8 31. Ba4 Qc7 32. Bxe8 Bxg3 33. Ra8 1-0

[Event "Bastiais Master 3rd"]
[Site "Bastia"]
[Date "2006.03.17"]
[Round "6"]
[White "Terzi, Simon"]
[Black "Geronimi, Pierre Francois"]
[Result "0-1"]
[WhiteElo "1763"]
[BlackElo "1839"]
[PlyCount "62"]
[EventDate "2006.01.14"]
[EventType "swiss"]
[EventRounds "9"]
[EventCountry "FRA"]
[SourceTitle "EXT 2007"]
[Source "ChessBase"]
[SourceDate "2006.11.23"]
[SourceVersion "1"]
[SourceVersionDate "2006.11.23"]
[SourceQuality "1"]

1. Nf3 d5 2. d4 Nf6 3. g3 e6 4. Bg2 c5 5. c3 Nc6 6. 0-0 Bd6 7. Re1 0-0 8. Nbd2 cxd4 9. cxd4 Qb6 10. Nb1 Bb4 11. Nc3 Ne4 12. Qd3 Bxc3 13. bxc3 a6 14. Ng5 f5 15. Nxe4 fxe4 16. Qc2 e5 17. e3 exd4 18. cxd4 Bg4 19. Rb1 Qc7 20. Qb3 Qf7 21. Rb2 Na5 22. Qb4 Nc4 23. Rc2 a5 24. Qc3 b5 25. a3 Rac8 26. Qb3 a4 27. Qa2 Qh5 28. Bd2 Bd1 29. Bb4 Bxc2 30. Bxf8 Bb3 31. Qa1 Rxf8 0-1

[Event "Calvi Balagne op 03rd"]
[Site "Calvi"]
[Date "2006.02.26"]
[Round "8"]
[White "Terzi, Simon"]
[Black "Campana, Marc Antoine"]
[Result "0-1"]
[WhiteElo "1763"]
[BlackElo "1731"]
[PlyCount "106"]
[EventDate "2006.02.19"]
[EventType "swiss"]
[EventRounds "9"]
[EventCountry "FRA"]
[SourceTitle "CBM 110 Extra"]
[Source "ChessBase"]
[SourceDate "2006.03.10"]
[SourceVersion "2"]
[SourceVersionDate "2006.03.10"]
[SourceQuality "1"]

1. Nf3 Nf6 2. g3 d5 3. d4 Bf5 4. Bg2 e6 5. a3 c5 6. c3 Nc6 7. 0-0 cxd4 8. cxd4 Bd6 9. Nc3 0-0 10. Bg5 h6 11. Bxf6 Qxf6 12. Qd2 Rac8 13. Rac1 b6 14. Nb5 Bb8 15. a4 a6 16. Na3 Bd6 17. Nc2 Na5 18. Na1 Nc4 19. Qc3 a5 20. Nc2 Na3 21. Qxc8 Rxc8 22. Nxa3 Rxc1 23. Rxc1 Bxa3 24. bxa3 Be4 25. Rd1 Bxf3 26. Bxf3 Qe7 27. Rd3 Qc7 28. Kg2 Qc4 29. Rd2 Qxa4 30. e4 dxe4 31. Bxe4 Qxa3 32. Rc2 g6 33. d5 exd5 34. Bxd5 Qd3 35. Rc8+ Kg7 36. Bc4 Qd7 37. Ba6 Qa7 38. Bb5 a4 39. Rc4 a3 40. Ra4 Qxa4 41. Bxa4 a2 42. Bb3 a1Q 43. Bc4 Qd4 44. Bb5 Qd5+ 45. Kg1 Qxb5 46. h4 Qe2 47. Kg2 b5 48. Kg1 b4 49. Kg2 b3 50. Kg1 b2 51. Kg2 b1Q 52. Kh2 Qxf2+ 53. Kh3 Qbf5+ 0-1

[Event "Bastiais Master 2nd"]
[Site "Bastia"]
[Date "2005.10.14"]
[Round "2"]
[White "Gil, Ludovic"]
[Black "Terzi, Simon"]
[Result "1/2-1/2"]
[WhiteElo "1803"]
[BlackElo "1779"]
[PlyCount "78"]
[EventDate "2005.10.07"]
[EventType "swiss"]
[EventRounds "7"]
[EventCountry "FRA"]
[SourceTitle "EXT 2007"]
[Source "ChessBase"]
[SourceDate "2006.11.23"]
[SourceVersion "1"]
[SourceVersionDate "2006.11.23"]
[SourceQuality "1"]

1. e4 c5 2. Nf3 Nc6 3. d4 cxd4 4. Nxd4 e5 5. Nb5 d6 6. N1c3 a6 7. Na3 Nf6 8. Bg5 Be7 9. Bxf6 Bxf6 10. Nd5 0-0 11. Nc4 Bg5 12. Ndb6 Rb8 13. Qxd6 Qxd6 14. Nxd6 Be6 15. c3 Rfd8 16. Ndc4 Bxc4 17. Bxc4 Rd6 18. Nd5 b5 19. Be2 Ne7 20. Rd1 Nxd5 21. Rxd5 Rxd5 22. exd5 Rd8 23. c4 bxc4 24. Bxc4 Rc8 25. b3 a5 26. a4 Be7 27. Ke2 Bd6 28. f3 Kf8 29. Kd3 g6 30. h3 Ke7 31. Re1 f6 32. Ke4 Bb4 33. Re2 Kd6 34. Kd3 Rc7 35. Rc2 Rc5 36. Re2 Rc7 37. Rc2 Rc5 38. Re2 Rc7 39. Rc2 Rc5 1/2-1/2